Miroslava /

Biografía novelada de una de las grandes figuras de la pantalla grande mexicana: Miroslava (1925-1955), checa de nacimiento, quien a pesar de su éxito profesional tuvo una vida sentimental atormentada. Su suicidio contribuyó a la formación de una leyenda en torno a su vida. Cuarto largometraje reali...

Descrición completa

Gardado en:
Detalles Bibliográficos
Autor Principal: Pelayo, Alejandro (realización)
Outros autores: Leñero, Vicente (guión) (guión), Lubezki, Emmanuel (fotógrafo) (fotógrafo), Figueroa, Oscar (montaje) (montaje), Mazón, Graciela (vestuario) (vestuario), Amozurrutia, José (música) (música), Dombasle, Arielle (actuación) (actuación), Brook, Claudio (actuación) (actuación), Trnka, Milosh (actuación) (actuación)
Formato: Deslizar
Idioma:Lingua castelá
Publicado: México : Aries Films, 1992, c1992
Series:(Cine Mexicano de los Noventa)
Temas:
Etiquetas: Engadir etiqueta
Sen Etiquetas, Sexa o primeiro en etiquetar este rexistro!

MARC

LEADER 00000ngm^a2200000^a^4500
001 000297646
005 20250521000000.0
009 20260310112345.926
037 |a Acervo ITESO - Biblioteca 
041 |a ESP 
082 |a 860.  |b PEL 
100 |a Pelayo, Alejandro  |e (realización) 
240 1 1 |a [Miroslava] 
245 1 0 |a Miroslava /  |c Realización de A. Pelayo. 
264 4 |a México :  |b Aries Films,  |c 1992, c1992 
264 2 |a México :  |b Alter Films [distribución],  |c 2008, c2008 
300 |a 1 DVD regiones 1 y 4 (86 min.) :  |b color 
336 |a imagen móvil bidimensional  |b tdi  |2 rdacontenido 
337 |a video  |b v  |2 rdamedio 
338 |a videodisco  |b vd  |2 rdasoporte 
440 1 |a (Cine Mexicano de los Noventa) 
500 |a Basado en: Miroslava, de Guadalupe Loaeza 
520 |a Biografía novelada de una de las grandes figuras de la pantalla grande mexicana: Miroslava (1925-1955), checa de nacimiento, quien a pesar de su éxito profesional tuvo una vida sentimental atormentada. Su suicidio contribuyó a la formación de una leyenda en torno a su vida. Cuarto largometraje realizado por el cineasta Alejandro Pelayo, basado en un cuento de Guadalupe Loaeza y adaptado por el guionista tapatío Vicente Leñero (1933-2014). 
520 |a Suplementos y características especiales: 1) Galería con catorce fotografías de la película y 2) Pantalla de texto con una biografía de Alejandro Pelayo. 
586 |a Diseño de Indumentaria y Moda: Premio Ariel, de la Academia Mexicana de Cine (35°: 1993): Mejor Diseño de Vestuario (ganadora: Graciela Mazón, ex aequo) 
586 |a Premio Nacional de Ciencias y Artes, categoría Lingüística y Literatura (52°: 2001): Guiones cinematográficos 
585 |a Exposición DIA 2024-09 / Hilos del vestuario en el cine mexicano 
649 |a XX 
650 |a Actores Checos -  |x Biografías -  |x Adaptaciones para Cine 
650 |a Mujeres Checas -  |x Biografías -  |x Adaptaciones para Cine 
650 |a Mujeres en el Cine 
650 |a Melodramas 
650 |a Dramas Cinematográficos 
650 |a Cine en el Cine 
650 |a Cine Mexicano -  |y 1990-1999 
650 |a Cine Mexicano -  |y Siglo XX 
650 |a Cine Mexicano -  |x Industria y Comercio 
650 |a Cine Mexicano -  |x Historia y Crítica 
650 |a Cuentos Mexicanos -  |x Adaptaciones para Cine 
650 |a Literatura Mexicana -  |y Siglo XX -  |x Adaptaciones para Cine 
650 |a Literatura y Cine 
650 |a Soledad 
650 |a Personalidad Depresiva 
650 |a Trastornos de la Personalidad 
650 |a Suicidio 
650 |a Trastornos de Conducta 
650 |a Psicopatología 
650 |a Miroslava -  |x Tema Principal 
700 |a Leñero, Vicente  |e (guión) 
700 |a Lubezki, Emmanuel  |e (fotógrafo) 
700 |a Figueroa, Oscar  |e (montaje) 
700 |a Mazón, Graciela  |e (vestuario) 
700 |a Amozurrutia, José  |e (música) 
700 |a Dombasle, Arielle  |e (actuación) 
700 |a Brook, Claudio  |e (actuación) 
700 |a Trnka, Milosh  |e (actuación) 
910 |a Fondo General 
920 |a Audiovisuales - DVDs 
940 |a Películas 
905 |a 302 
901 |a 0500183171  |b IT2  |c DVS  |i C120867  |u 20250521 
902 |a https://opac.biblio.iteso.mx/vufind/Record/000297646